Las luchas agrarias del Guanacaste (1900-1920): campesinos parcelarios y de hacienda; respuestas al capital agrario y al reformismo politico. /
محفوظ في:
| المؤلف الرئيسي: | |
|---|---|
| التنسيق: | نص |
| اللغة: | Spanish |
| الموضوعات: | |
| الوسوم: |
إضافة وسم
لا توجد وسوم, كن أول من يضع وسما على هذه التسجيلة!
|
MARC
| LEADER | 00000 a a2200000 04500 | ||
|---|---|---|---|
| 001 | 43656 | ||
| 003 | cru CRAI/IIS | ||
| 005 | 20210512121722.0 | ||
| 008 | 210512b |||||||| |||| 00| 0 spa d | ||
| 040 | |c cru CRAI/IIS | ||
| 100 | 1 | |a Gudmundson, Lowell | |
| 245 | 1 | 4 | |a Las luchas agrarias del Guanacaste (1900-1920): |b campesinos parcelarios y de hacienda; respuestas al capital agrario y al reformismo politico. / |c Lowell Gudmundson |
| 500 | |a Colección Centroamérica | ||
| 650 | |a CAMPESINADO | ||
| 650 | |a CAPITALISMO | ||
| 650 | |a REFORMA AGRARIA | ||
| 773 | |g volumen11, número32 ( , 1982), páginas 75-95 | ||
| 773 | 0 | |0 18875 |9 5337 |a Universidad de Costa Rica. |d San José, Costa Rica: Universidad de Costa Rica. Consejo Superior Universitario Centroamericano, 1972- |o 14009 |t Estudios Sociales Centroamericanos / |x 03039676 | |
| 942 | |2 ddc |c PP | ||
| 999 | |c 37908 |d 37908 | ||
